Built To Last (Record no. 354452)

MARC details
000 -LEADER
fixed length control field 00336nam a2200145Ia 4500
008 - FIXED-LENGTH DATA ELEMENTS--GENERAL INFORMATION
fixed length control field 230719s9999 xx 000 0 und d
041 ## - LANGUAGE CODE
Language code of text/sound track or separate title eng
082 ## - DEWEY DECIMAL CLASSIFICATION NUMBER
Classification number 390
Item number COL
100 ## - MAIN ENTRY--PERSONAL NAME
Personal name Collins J C
245 ## - TITLE STATEMENT
Title Built To Last
260 ## - PUBLICATION, DISTRIBUTION, ETC. (IMPRINT)
Date of publication, distribution, etc. 1994
Name of publisher, distributor, etc. Collins
300 ## - PHYSICAL DESCRIPTION
Extent 342
365 ## - TRADE PRICE
Currency code Rs.
Price amount 245.00
700 ## - ADDED ENTRY--PERSONAL NAME
Personal name Collins J C & Porras
9 (RLIN) 186870
Holdings
Withdrawn status Lost status Damaged status Not for loan Home library Current library Shelving location Date acquired Vendor Cost, normal purchase price Full call number Barcode Date last seen Cost, replacement price Bill Date Koha item type Original Barcode
        Cummins College of Engineering for Women Pune Cummins College of Engineering for Women Pune Donated Book 04/09/2017 Masurkar Enterprises 245.00 390 CCEP-DB-657 19/07/2023 245.00 19/07/2023 Books D00657